[Event "RSA Inter Regional-ch"]
[Site "Boksburg"]
[Date "2018.12.12"]
[Round "7.2"]
[White "Fakude, Hopewell Mongezi"]
[Black "Pitso, Fusi Paulus"]
[Result "1/2-1/2"]
[WhiteElo "1695"]
[BlackElo "1918"]
[PlyCount "107"]
[EventDate "2018.01.09"]
[EventType "team-swiss"]
[EventRounds "7"]
[EventCountry "RSA"]
[SourceTitle "CBM 189 Extra"]
[Source "ChessBase"]
[SourceDate "2019.06.03"]
[SourceVersion "1"]
[SourceVersionDate "2019.06.03"]
[SourceQuality "1"]
[WhiteTeam "Tshwane White"]
[BlackTeam "Sedibeng Chocolate"]
[WhiteTeamCountry "RSA"]
[BlackTeamCountry "RSA"]

1. d4 Nf6 2. Bg5 e6 3. Nd2 d5 4. e3 Be7 5. Bd3 0-0 6. c3 c5 7. Ngf3 b6 8. 0-0 Bb7 9. a4 Nc6 10. Qb1 h6 11. Bh4 Rc8 12. Rc1 Re8 13. dxc5 bxc5 14. e4 Na5 15. Rd1 Qb6 16. Bb5 dxe4 17. Bxe8 exf3 18. Bxf6 Bxf6 19. Bd7 Rd8 20. Nxf3 c4 21. Bb5 Rxd1+ 22. Qxd1 a6 23. Be8 Bd5 24. Nd4 Kf8 25. Bd7 Qxb2 26. Rb1 Qxc3 27. Nc6 Nb3 28. h3 Qd3 29. Qxd3 cxd3 30. Nb4 d2 31. Nxd5 exd5 32. Bg4 Nc5 33. Rd1 Bc3 34. Be2 Ke7 35. Kf1 Nxa4 36. Bxa6 Nb2 37. Ke2 Nxd1 38. Kxd1 Kd6 39. Bb7 Ke5 40. Bc6 g5 41. Ba8 h5 42. Bb7 h4 43. Bc6 Bd4 44. f4+ Kxf4 45. Bxd5 f5 46. Kxd2 Kg3 47. Be6 f4 48. Bd5 Kf2 49. Bb7 Kg3 50. Bd5 g4 51. hxg4 Kxg4 52. Bf3+ Kg3 53. Bc6 Bb6 54. Ke2 1/2-1/2

[Event "Kinross USSA op"]
[Site "Kinross"]
[Date "2018.07.02"]
[Round "1"]
[White "Fakude, Hopewell Mongezi"]
[Black "Mathonsi, Innocent"]
[Result "1-0"]
[WhiteElo "1826"]
[BlackElo "1071"]
[PlyCount "71"]
[EventDate "2018.07.02"]
[EventType "swiss"]
[EventRounds "9"]
[EventCountry "RSA"]
[SourceTitle "CBM 185 Extra"]
[Source "ChessBase"]
[SourceDate "2018.07.29"]
[SourceVersion "1"]
[SourceVersionDate "2018.07.29"]
[SourceQuality "1"]

1. Nf3 d5 2. g3 Nf6 3. Bg2 e6 4. 0-0 Bd6 5. d3 0-0 6. Nbd2 Nbd7 7. e4 c6 8. Qe2 dxe4 9. dxe4 Qc7 10. Rd1 Ne5 11. Nxe5 Bxe5 12. Nc4 Nd7 13. f4 Bf6 14. e5 Be7 15. Be3 Rd8 16. Qf2 b6 17. a4 Rb8 18. a5 Bc5 19. Bxc5 bxc5 20. a6 Rb5 21. Qf3 Nb8 22. Rxd8+ Qxd8 23. Rd1 Qc7 24. Qd3 g6 25. Qd8+ Qxd8 26. Rxd8+ Kg7 27. Rxc8 Nxa6 28. Bxc6 Rb4 29. b3 Nb8 30. Ba4 Na6 31. Rc6 Nb8 32. Rxc5 Na6 33. Ra5 Nc7 34. Rxa7 Nd5 35. Be8 Kh6 36. Bxf7 1-0

[Event "RSA Inter Regional-ch"]
[Site "Boksburg"]
[Date "2018.01.09"]
[Round "1.2"]
[White "Erlank, Warrick"]
[Black "Fakude, Hopewell Mongezi"]
[Result "1/2-1/2"]
[WhiteElo "1912"]
[BlackElo "1695"]
[PlyCount "124"]
[EventDate "2018.01.09"]
[EventType "team-swiss"]
[EventRounds "7"]
[EventCountry "RSA"]
[SourceTitle "CBM 189 Extra"]
[Source "ChessBase"]
[SourceDate "2019.06.03"]
[SourceVersion "1"]
[SourceVersionDate "2019.06.03"]
[SourceQuality "1"]
[WhiteTeam "Western Province A"]
[BlackTeam "Tshwane White"]
[WhiteTeamCountry "RSA"]
[BlackTeamCountry "RSA"]

1. e4 c5 2. Nf3 d6 3. d4 cxd4 4. Nxd4 Nf6 5. Nc3 a6 6. f3 e5 7. Nb3 Be6 8. Be3 Be7 9. Qd2 b5 10. 0-0-0 Nbd7 11. g4 0-0 12. g5 Nh5 13. Kb1 Rc8 14. Nd5 Bxd5 15. exd5 Nb6 16. Bxb6 Qxb6 17. Bh3 Rc4 18. Bf5 Nf4 19. h4 b4 20. Be4 a5 21. Nc1 Qc7 22. Nd3 Rd4 23. Qh2 Nxd5 24. Nxe5 Nc3+ 25. bxc3 Rxd1+ 26. Rxd1 dxe5 27. c4 Bc5 28. h5 Be3 29. g6 f5 30. Bd5+ Kh8 31. gxh7 Kxh7 32. Qg2 Rf6 33. Rh1 Qc5 34. Qe2 Bf4 35. Qd3 Kh6 36. Qe2 a4 37. Qg2 a3 38. Rg1 Qa7 39. Rd1 Qe3 40. Rg1 Bg5 41. f4 Qxf4 42. c5 Qg4 43. c6 Qxg2 44. Rxg2 Rd6 45. c4 Bd8 46. Kc2 Bc7 47. Kb3 e4 48. Kxb4 Rd8 49. Rg6+ Kxh5 50. Rxg7 Be5 51. c7 Rc8 52. Be6 Rxc7 53. Rxc7 Bxc7 54. Bxf5 e3 55. Bd3 Kg4 56. Kxa3 Kf3 57. Kb4 e2 58. Bxe2+ Kxe2 59. a4 Kd3 60. Kb5 Kd4 61. c5 Kd5 62. a5 Ke4 1/2-1/2

[Event "Johannesburg PSS Capablanca-C"]
[Site "Johannesburg"]
[Date "2017.04.27"]
[Round "2"]
[White "Fakude, Hopewell Mongezi"]
[Black "Kabi, Thato"]
[Result "1/2-1/2"]
[WhiteElo "1826"]
[BlackElo "1778"]
[PlyCount "35"]
[EventDate "2017.04.26"]
[EventType "tourn"]
[EventRounds "9"]
[EventCountry "RSA"]
[SourceTitle "CBM 178 Extra"]
[Source "ChessBase"]
[SourceDate "2017.06.22"]
[SourceVersion "1"]
[SourceVersionDate "2017.06.22"]
[SourceQuality "1"]

1. d4 d5 2. Nf3 c6 3. e3 Nf6 4. Bd3 Bg4 5. 0-0 e6 6. Nbd2 Bd6 7. c4 a6 8. Qb3 b5 9. c5 Be7 10. a4 Bxf3 11. Nxf3 Nbd7 12. axb5 axb5 13. Bd2 0-0 14. Bc3 Re8 15. Rfc1 e5 16. Rxa8 Qxa8 17. Bf5 e4 18. Ne1 1/2-1/2

[Event "Boksburg Inter Region-ch"]
[Site "Boksburg"]
[Date "2016.12.20"]
[Round "2.1"]
[White "Fakude, Hopewell Mongezi"]
[Black "Pon, Matt"]
[Result "1/2-1/2"]
[WhiteElo "1798"]
[BlackElo "2112"]
[PlyCount "34"]
[EventDate "2016.12.20"]
[EventType "team-swiss"]
[EventRounds "7"]
[EventCountry "RSA"]
[SourceTitle "CBM 176 Extra"]
[Source "ChessBase"]
[SourceDate "2017.03.02"]
[SourceVersion "1"]
[SourceVersionDate "2017.03.02"]
[SourceQuality "1"]
[WhiteTeam "Torpedos"]
[BlackTeam "Johannesburg Metro"]
[WhiteTeamCountry "RSA"]
[BlackTeamCountry "RSA"]

1. d4 Nf6 2. c4 e5 3. dxe5 Ng4 4. Nf3 Bc5 5. e3 Nc6 6. Be2 0-0 7. 0-0 Re8 8. Nbd2 Ngxe5 9. Nb3 Bf8 10. Bd2 a5 11. Bc3 a4 12. Nbd4 Nxf3+ 13. Nxf3 Qe7 14. Qd2 Qc5 15. Rfd1 Ra6 16. Qd5 Nd8 17. Ne5 d6 1/2-1/2

[Event "Africa-ch U16"]
[Site "Port Elizabeth"]
[Date "2016.08.27"]
[Round "7"]
[White "Fakude, Hopewell Mongezi"]
[Black "Aravind, Vengarai"]
[Result "1-0"]
[WhiteElo "1866"]
[BlackElo "1456"]
[PlyCount "97"]
[EventDate "2016.08.22"]
[EventType "swiss"]
[EventRounds "9"]
[EventCountry "RSA"]
[SourceTitle "CBM 174 Extra"]
[Source "ChessBase"]
[SourceDate "2016.10.10"]
[SourceVersion "1"]
[SourceVersionDate "2016.10.10"]
[SourceQuality "1"]

1. d4 d5 2. c4 e6 3. Nc3 Nf6 4. g3 c6 5. Bg2 Nbd7 6. Nf3 Bd6 7. 0-0 0-0 8. c5 Bc7 9. Qa4 e5 10. e3 Re8 11. b4 exd4 12. exd4 Ne4 13. Nxe4 dxe4 14. Ng5 Nf6 15. Be3 h6 16. Nh3 Nd5 17. b5 Bd7 18. bxc6 Bxc6 19. Qc4 Qd7 20. a4 b5 21. Qc2 bxa4 22. Kh1 Rab8 23. Ng1 Bb5 24. Rfc1 Nb4 25. Qd2 Ba5 26. Ne2 Nc6 27. Nc3 Bxc3 28. Qxc3 Qd5 29. Rd1 f5 30. Rab1 Bc4 31. Bf4 Rb3 32. Rxb3 axb3 33. Bc1 Rb8 34. Be3 g5 35. Bh3 Bd3 36. Qb2 Na5 37. c6 Nxc6 38. Rc1 Qd7 39. Rc5 a5 40. Bxf5 Qc7 41. Be6+ Kh7 42. d5 Qg7 43. Qxg7+ Kxg7 44. dxc6 b2 45. Bd4+ Kg6 46. Bxb2 Rxb2 47. Bf5+ Kf6 48. Kg2 Rb1 49. h3 1-0

[Event "Johannesburg PSS op"]
[Site "Johannesburg"]
[Date "2016.04.23"]
[Round "7"]
[White "Fakude, Hopewell Mongezi"]
[Black "Mpya, Tshediso M"]
[Result "0-1"]
[WhiteElo "1866"]
[BlackElo "1941"]
[PlyCount "82"]
[EventDate "2016.04.23"]
[EventType "swiss"]
[EventRounds "10"]
[EventCountry "RSA"]
[SourceTitle "CBM 172 Extra"]
[Source "ChessBase"]
[SourceDate "2016.06.21"]
[SourceVersion "1"]
[SourceVersionDate "2016.06.21"]
[SourceQuality "1"]

1. d4 d5 2. Nf3 Nf6 3. c4 c6 4. e3 Bg4 5. Nbd2 e6 6. Qb3 Qc8 7. Ne5 Bf5 8. Ndf3 Nbd7 9. Bd2 a5 10. a4 Ne4 11. Rc1 Nxe5 12. dxe5 Be7 13. Be2 0-0 14. 0-0 Nc5 15. Qa3 Qd8 16. Rfd1 Nd3 17. Qb3 Nxc1 18. Bxc1 Bb4 19. Nd4 Bg6 20. Nc2 Qe7 21. cxd5 Bxc2 22. Qxc2 cxd5 23. Bd3 g6 24. Qe2 Rfc8 25. f4 Rc7 26. e4 dxe4 27. Qxe4 Rac8 28. Be3 Bc5 29. Bxc5 Qxc5+ 30. Kh1 Qc1 31. Qe2 Qxd1+ 32. Qxd1 Rc1 33. Qg1 Rxg1+ 34. Kxg1 Rd8 35. Bc4 Rd4 36. Be2 Rd8 37. Bb5 Rd2 38. b3 Rb2 39. Bc4 Kf8 40. h3 h6 41. h4 Ke8 0-1

[Event "RSA-ch U16"]
[Site "Bloemfontein"]
[Date "2016.03.22"]
[Round "4"]
[White "Fakude, Hopewell Mongezi"]
[Black "De Jager, Luan"]
[Result "0-1"]
[WhiteElo "1809"]
[BlackElo "1777"]
[PlyCount "80"]
[EventDate "2016.03.20"]
[EventType "swiss"]
[EventRounds "11"]
[EventCountry "RSA"]
[SourceTitle "CBM 171 Extra"]
[Source "ChessBase"]
[SourceDate "2016.04.26"]
[SourceVersion "1"]
[SourceVersionDate "2016.04.26"]
[SourceQuality "1"]

1. d4 Nf6 2. Nf3 e6 3. e3 b6 4. Nbd2 Bb7 5. Bd3 Be7 6. 0-0 0-0 7. b3 c5 8. Bb2 Nc6 9. c3 Rc8 10. Qe2 d5 11. Rfd1 Qc7 12. Rac1 cxd4 13. cxd4 Qb8 14. a3 Rc7 15. Rc2 Rfc8 16. Rdc1 Bf8 17. Nb1 Na5 18. b4 Nc4 19. Bxc4 Rxc4 20. Rxc4 dxc4 21. Rxc4 Bd6 22. Rxc8+ Qxc8 23. Nc3 a6 24. Nd2 Qc7 25. f4 Qc6 26. Qf3 Qc7 27. Qe2 a5 28. b5 Bxa3 29. Ba1 Nd5 30. Qd3 Bb4 31. Nxd5 Bxd5 32. e4 Qc1+ 33. Qf1 Qxd2 34. exd5 exd5 35. Qf2 Qc1+ 36. Qf1 Qe3+ 37. Qf2 Bd2 38. Qxe3 Bxe3+ 39. Kf1 Bxf4 40. h3 f5 0-1

[Event "RSA-ch U16"]
[Site "Bloemfontein"]
[Date "2016.03.22"]
[Round "5"]
[White "Mazibuko, Khanya"]
[Black "Fakude, Hopewell Mongezi"]
[Result "0-1"]
[WhiteElo "1534"]
[BlackElo "1809"]
[PlyCount "43"]
[EventDate "2016.03.20"]
[EventType "swiss"]
[EventRounds "11"]
[EventCountry "RSA"]
[SourceTitle "CBM 171 Extra"]
[Source "ChessBase"]
[SourceDate "2016.04.26"]
[SourceVersion "1"]
[SourceVersionDate "2016.04.26"]
[SourceQuality "1"]

1. e4 c5 2. Nc3 Nc6 3. f4 d6 4. Nf3 e6 5. Bb5 Bd7 6. 0-0 Nf6 7. d3 Be7 8. Bxc6 Bxc6 9. Qe2 0-0 10. Bd2 b5 11. Rae1 Rc8 12. Nd1 Qc7 13. Ne3 Rfe8 14. f5 e5 15. g4 Bf8 16. g5 Nd7 17. Qg2 Qd8 18. Kf2 c4 19. Rg1 cxd3 20. cxd3 Nc5 21. Ke2 d5 22. Kd1 0-1

[Event "RSA-chT U18"]
[Site "Cape Town"]
[Date "2016.01.06"]
[Round "5.7"]
[White "Fakude, Hopewell Mongezi"]
[Black "Raubenheimer, Lize"]
[Result "1-0"]
[WhiteElo "1657"]
[BlackElo "1141"]
[PlyCount "53"]
[EventDate "2016.01.04"]
[EventType "team-tourn"]
[EventRounds "7"]
[EventCountry "RSA"]
[SourceTitle "CBM 170 Extra"]
[Source "ChessBase"]
[SourceDate "2016.02.25"]
[SourceVersion "1"]
[SourceVersionDate "2016.02.25"]
[SourceQuality "1"]
[WhiteTeam "Tshwane"]
[BlackTeam "Kenneth Kaunda"]
[WhiteTeamCountry "RSA"]
[BlackTeamCountry "RSA"]

1. d4 c6 2. Bf4 d5 3. Nf3 Nf6 4. e3 Bg4 5. Bd3 Bh5 6. 0-0 Bg6 7. c4 Bxd3 8. Qxd3 dxc4 9. Qxc4 e6 10. Nc3 Bd6 11. Bxd6 Qxd6 12. e4 Qc7 13. Qc5 Nbd7 14. Nb5 0-0-0 15. Qxa7 Qb8 16. Qa5 Nf8 17. Ne5 b6 18. Qc3 Qb7 19. f3 Ng6 20. Nxc6 Rd7 21. Nba7+ Kc7 22. Na5+ Kd8 23. Nxb7+ Rxb7 24. Qc8+ Ke7 25. Nc6+ Kd6 26. e5+ Kd5 27. Nb4+ 1-0

[Event "RSA-chT U18"]
[Site "Cape Town"]
[Date "2016.01.05"]
[Round "3.7"]
[White "Erasmus, Dean"]
[Black "Fakude, Hopewell Mongezi"]
[Result "0-1"]
[WhiteElo "1312"]
[BlackElo "1657"]
[PlyCount "40"]
[EventDate "2016.01.04"]
[EventType "team-tourn"]
[EventRounds "7"]
[EventCountry "RSA"]
[SourceTitle "CBM 170 Extra"]
[Source "ChessBase"]
[SourceDate "2016.02.25"]
[SourceVersion "1"]
[SourceVersionDate "2016.02.25"]
[SourceQuality "1"]
[WhiteTeam "Nelson Mandela Bay"]
[BlackTeam "Tshwane"]
[WhiteTeamCountry "RSA"]
[BlackTeamCountry "RSA"]

1. c4 c5 2. Nc3 Nc6 3. g3 e6 4. Bg2 Be7 5. e4 Nf6 6. Nge2 0-0 7. 0-0 d6 8. f4 a6 9. h3 Nd4 10. Kh2 Qc7 11. d3 Rb8 12. Nxd4 cxd4 13. Ne2 Qc5 14. a3 Qa7 15. b4 e5 16. Bb2 b5 17. fxe5 dxe5 18. c5 Be6 19. Qd2 Qd7 20. Qg5 Ng4+ 0-1